000 00435nam a2200181Ia 4500
001 4589
005 20260306145807.0
008 260306t1991||||xx |||||||||||||| ||spa||
041 _aESP
082 _a327.09
_bLL762
100 _aLlosa P., Jorge Guillermo, 1925-
_eAUT
245 0 _aLecciones de historia diplomática
260 _c1991
300 _a104 p
_c21 cm.
650 _aGEN
654 _aCHU
942 _cLIB
_dJUS
_fJUS
_2ddc
_n
999 _c4589
_d4589